000 01267nam a22003377a 4500
001 BRCA_9341
003 FranzMayer
005 20230918121124.0
008 230825b |||||||| |||| 00| 0 eng d
020 _a397718281
040 _aMFM
_bespañol
_cMFM
050 0 _aNK2115.5.F77
_b.D33 2005
110 1 _4Responsable
_aDaab
_929211
240 _aNew Furniture Design
_lInglés/francés
245 0 _aNew Furniture Design
260 _aEspaña
_bAnman grafiques del vales
_c2005
300 _a189 p
_bIlustraciones a color
_c17 cm
500 _aAnexo 1
505 _aTexto en: inglés y francésincluye índice temáticoDirigido a: artistas, diseñadores de interiores y arquitectos
650 1 _2Artes decorativas
_aArtes aplicativas
_vDiseño de interiores
_929212
651 2 _2Diseño contemporáneo
_aDiseño de casas
_vDiseño de meubles
_929213
700 1 _4Edit.
_aRolshoven, Martin.
_929214
700 1 _4Org.
_aGracia Blanco, Ignasi
_929215
700 1 _4Trad. Franc.
_aWesterhoff, Marion
_929216
700 1 _4Trad. Ita.
_aSiliato, Maurizio
_929217
700 1 _4Trad. Esp.
_aDallo, Eva
_929218
700 1 _4Trad. Ing.
_aClarke, Matthew
_929219
700 1 _4Cop.
_aGonzález, Susana
_929220
856 _3www.daab-online.de
942 _2lcc
_cB
999 _c10963
_d10963